ბათუმის შოთა რუსთაველის სახელმწიფო უნივერსიტეტის ბიბლიოთეკა

საოჯახო პედაგოგიკა (ბიბ.ჩანაწერი № 34646)

000 -LEADER
fixed length control field 00698nam a2200205Ia 4500
001 - CONTROL NUMBER
control field 417
003 - CONTROL NUMBER IDENTIFIER
control field GE_BSU
008 - FIXED-LENGTH DATA ELEMENTS--GENERAL INFORMATION
fixed length control field 181216s||||||||xx |||||||||||||| ||und||
020 ## - INTERNATIONAL STANDARD BOOK NUMBER
International Standard Book Number 9789941904431
040 ## - CATALOGING SOURCE
Transcribing agency GE_BSU
100 ## - MAIN ENTRY--PERSONAL NAME
Personal name ნარგიზიშვილი, აკაკი
245 ## - TITLE STATEMENT
Title საოჯახო პედაგოგიკა
245 ## - TITLE STATEMENT
Statement of responsibility, etc. რედ. ნარგიზიშვილი- მიქაძე მანანა
260 ## - PUBLICATION, DISTRIBUTION, ETC.
Place of publication, distribution, etc. თბილისი
260 ## - PUBLICATION, DISTRIBUTION, ETC.
Name of publisher, distributor, etc. ი.გოგებაშვილის სახ.პედ. მეცნ. ეროვნული ინ-ტი
260 ## - PUBLICATION, DISTRIBUTION, ETC.
Date of publication, distribution, etc. 2008
300 ## - PHYSICAL DESCRIPTION
Extent 123 გვ.
942 ## - ADDED ENTRY ELEMENTS (KOHA)
Koha item type წიგნი
ეგზემპლარები
Withdrawn status Lost status Damaged status Not for loan Date acquired Barcode Date last seen Price effective from Koha item type Public note
        2018-12-17 1577 2018-12-17 2018-12-17 წიგნი დარბაზი